LEADER 00899nam a2200229 i 4500 001 000000138626 003 CaOOAMICUS 005 20240405111201.0 008 050506s1973 it u000 u ita u 013 $a112524 040 $aSeMil$bita 100 1 $aCamon, Ferdinando <1935->.$0(OLS)http://semarc/name/28209 245 13$aIl mestiere di scrittore :$bconversazioni, critiche /$cFerdinando Camon. 260 $aMilano :$bGarzanti,$c1973. 300 $a205 p. ;$c21 cm. 650 4$aAutori italiani - interviste.$0(OLS)http://semarc/subject/2838 850 $aSeMil 852 $aSeMil$W1$xVenegono$y1$m1D II 62$j92115$B92115$CSeMilBibl$Z2$F97223 $81 961 $aOmaggio: Poma mons. Gianfranco 996 $6245$aIl mestiere di scrittore :$bconversazioni, critiche$9(OLS)http://semarc/title/202646 996 $6260$aMilano :$bGarzanti$9(OLS)http://semarc/publisher/29852 LEADER 01276nam a2200241 i 4500 001 000000195515 003 CaOOAMICUS 005 20101216000000.0 008 101216s1972 it u000 u ita u 013 $a174192 040 $aSeMil$bita 100 1 $aBartoletti, Enrico .$0(OLS)http://semarc/name/25431 245 13$aIl Cardinale Elia Dalla Costa :$bcommemorazione ufficiale tenuta in Palazzo Vecchio nel centenario della nascita e nel decennale della scomparsa : Firenze, 27 novembre 1972 /$cMons. Enrico Bartoletti Segretario Generale della C.E.I. 260 $aFirenze :$b[s.n.],$c1972. 300 $a31 p., [1] c. di tav. ;$c24 cm. 500 $aFondo Card. Giovanni Colombo. 600 14$aDalla Costa, Elia .$0(OLS)http://semarc/subject/7147 850 $aSeMil 852 $aSeMil$W1$xVenegono$y1$m5B XII 5/14$j146084$B146084$CSeMilBibl$Z2$F157586 $81 941 1 $a3 961 $aLascito: Colombo Card. Giovanni 996 $6245$aIl Cardinale Elia Dalla Costa :$bcommemorazione ufficiale tenuta in Palazzo Vecchio nel centenario della nascita e nel decennale della scomparsa : Firenze, 27 novembre 1972$9(OLS)http://semarc/title/282113 996 $6260$aFirenze :$b[s.n.]$9(OLS)http://semarc/publisher/30464